000 00517nam a2200193 4500
003 SEACOMMC
005 20231010060219.0
008 231010b |||||||| |||| 00| 0 eng d
020 _cRs. 240.00
040 _aSEACOMMC
082 _a621.3823
_bBAS
100 1 _aBaskaran, S.
245 1 _aTransmission lines and Networks
_cS. Baskaran and S Mary Joans
260 _aChennai
_bScitech
_c2003
650 _aEngineering
650 _aElectronics, communications engineering
700 1 _aJoans, S. Mary
942 _cBOOK
999 _c47
_d47